000 00729nam a2200265Ia 4500
003 OSt
005 20220912151428.0
006 a|||||r|||| 00| 0
007 ta
008 220909b |||||||| |||| 00| 0 eng d
024 _a53727
037 _cTextual
040 _aCSL
_beng
_cCSL
041 _aeng
082 _aK4:11, fE0.1
100 _aMayer Alfred Goldsborough
245 0 _aMedusae of the world
260 _aWashington
_bD C Carnegie Institution of Washington
_c1910
300 _a735p.
_ccm.
490 _aCarnegie institution of washington; 109
650 _a Coelenterata
650 _aZoology
942 _hK4:11, fE0.1
_cTEXL
_2CC
999 _c68411
_d68411